| 000 | 00503nam a22001937a 4500 | ||
|---|---|---|---|
| 003 | CEME | ||
| 005 | 20210628202640.0 | ||
| 008 | 210210b xxu||||| |||| 00| 0 eng d | ||
| 020 | _a81-7808-335-3 | ||
| 040 | _c. | ||
| 082 | _a629.83 OGA | ||
| 100 |
_aOgata, Katsuhiko _918913 |
||
| 245 | _aDiscrete time control systems | ||
| 250 | _a2ND | ||
| 260 |
_aINDIA _bPEARSON EDUCATION ASIA _c2002 |
||
| 300 | _aXI,745P | ||
| 650 |
_aCONTROL SYSTEMS-DISCRETE; CONTROL SYSTEMS _960899 |
||
| 942 |
_cBK _2ddc |
||
| 999 |
_c570506 _d570506 |
||